Statistics for Crash Landing on You

Click here to take the quiz!

General Stats

  • This quiz has been taken 403 times
  • The average score is 10 of 15

Answer Stats

QuestionAnswer% Correct
She is nonetheless a successful businesswoman who founded her own company, Seri's Choice.Yoon Se-ri
95%
A skilled and dedicated captain in the North Korean army who hides and protects Se-ri after she accidentally crash-lands in his country.Ri Jeong-hyuk
94%
She is Ri Jeong-hyuk's fiancee through an arranged marriage.Seo Dan
93%
Ri Jeong-hyuk dream job.Pianist
87%
He embezzled money from the company run by Seri's father, and flees to North Korea.Gu Seung-joon
85%
Jeong-hyuk's brotherRi Moo-hyuk
81%
Jeong-hyuk's father.Ri Choong-ryeol
73%
Master sergeant in North Korean armyPyo Chi-soo
71%
Handsome staff sergeant in North Korean armyPark Kwang-beom
63%
A corporal in North Korean army, who is a fan of K-DramasKim Joo-muk
62%
Se-ri 's Choice Team ManagerHong Chang-sik
50%
Insurance company employeePark Soo-chan
46%
A member of the Armed Forces' Security Bureau.Jo Cheol-kang
43%
How Yoon Se-ri and Ri Jeong-hyuk first meeting.paragliding accident in North Korea
42%
North Korean Spy from Division 13Dong-gu
40%

Score Distribution

Percentile by Number Answered

Percent of People with Each Score

Your Score History

You have not taken this quiz